Social Marketing in the 21st Century : (Record no. 618353)

MARC details
000 -LEADER
fixed length control field 00513nam a2200193 a 4500
008 - FIXED-LENGTH DATA ELEMENTS--GENERAL INFORMATION
fixed length control field 260330s2006##################000#0#eng##
020 ## - INTERNATIONAL STANDARD BOOK NUMBER
ISBN 9781412916349
082 04 - DEWEY DECIMAL CLASSIFICATION NUMBER
Classification number 361.00688
Item number AND
100 1# - MAIN ENTRY--AUTHOR NAME
Personal name Andreasen, Alan R.,
245 10 - TITLE STATEMENT
Title Social Marketing in the 21st Century :
260 ## - PUBLICATION, DISTRIBUTION, ETC. (IMPRINT)
Name of publisher SAGE,
Year of publication 2006.
300 ## - PHYSICAL DESCRIPTION
Number of Pages 281 pages
650 #0 - SUBJECT ADDED ENTRY--TOPICAL TERM
Topical Term Business & Economics.
942 ## - ADDED ENTRY ELEMENTS (KOHA)
Koha item type English Books
Holdings
Withdrawn status Lost status Damaged status Not for loan Home library Current library Shelving location Date acquired Full call number Accession Number Price effective from Koha item type
        Anna Centenary Library Anna Centenary Library 4TH FLOOR, A WING 30.03.2026 361.00688 AND 162126 30.03.2026 English Books

Find us on the map